000
00219 a2200097 4500
001
41507
100
_a
Allama Semab Akbar Abadi
245
_a
Wehi Manzoom
260
_a
Karachi
_b
Semab Academy
_c
090
_c
25663
_d
25663
942
_a
NUST-CAE
_c
M
_c
17406
999
_c
276580
_d
276580